000 00485cam a2200169 4500500
005 20260329004230.0
041 _afre
042 _adc
100 1 0 _aLegros, Martin
_eauthor
245 0 0 _aMars ou crève
260 _c2019.
500 _a18
690 _aMars
690 _aPlanète
786 0 _nPhilosophie magazine | 126 | 2 | 2019-02-01 | p. 6-6 | 1951-1787
856 4 1 _uhttps://shs.cairn.info/magazine-philosophie-magazine-2019-2-page-6?lang=fr&redirect-ssocas=7080
999 _c1831946
_d1831946